| 000 | 01269cam a22003011i 4500 | ||
|---|---|---|---|
| 003 | SA-RiAUC | ||
| 005 | 20250130073231.0 | ||
| 008 | 250128s1983 le g 00000 ara c | ||
| 040 |
_aSA-JeALM _bara _cSA-RiAUC _erda |
||
| 082 | 0 | 4 |
_a213 _qSA-RiAUC |
| 090 |
_a213 _b ر ض ا |
||
| 100 | 0 |
_aرضا, محمد رشيد. _cالشيخ، _d1282-1354 هجري _eمؤلف. |
|
| 245 | 1 | 0 |
_aديوان النهضة / _cمحمد رشيد رضا ؛ اختار النصوص وقدم لها سعيد أدونيس، خالدة سعيد. |
| 250 | _aالطبعة الأولى. | ||
| 264 | 1 |
_aبيروت : _bدار العلم للملايين، _c1983 |
|
| 300 |
_a240 صفحة ؛ _c24سم |
||
| 336 |
_aنص _btxt _2rdacontent _3كتاب |
||
| 337 |
_aبدون وسيط _bn _2rdamedia |
||
| 338 |
_aمجلد _bnc _2rdacarrier |
||
| 650 | 7 |
_aالدعوة الإسلامية _2aucsh |
|
| 650 | 7 |
_aالشعر العربي السياسي _2aucsh |
|
| 650 | 7 |
_aالإسلام _xجوانب سياسية _2aucsh |
|
| 650 | 7 |
_aالإسلام _xحركات الإحياء والإصلاح والتجديد _2aucsh |
|
| 700 | 0 |
_aأدونيس، _d1930- _eجامع. |
|
| 700 | 1 |
_aسعيد، خالدة، _d1932- _eمقدم. |
|
| 942 |
_2ddc _cBOOK _n0 |
||
| 949 |
_aSA-JeALM _d250128 _umohamedma123 _n1 |
||
| 999 |
_c5449 _d5449 |
||